| 000 | 00456nam a2200157 a 4500 | ||
|---|---|---|---|
| 001 | 4262 | ||
| 003 | CDMR | ||
| 005 | 20130709123318.0 | ||
| 008 | 130130s1993||||||||||||||||||||||||||||d | ||
| 040 |
_aCDMR _bcat _cCDMR |
||
| 245 | 0 |
_aCovering War _b: report of the I.O.J. mission to Somalia |
|
| 260 |
_aMadrid _c1993 _bInternational Organisation of Journalists |
||
| 300 |
_a80 p ; _c30 cm |
||
| 650 | 0 | 4 |
_aCorresponsals de guerra _92560 _zSomàlia |
| 942 |
_cMON _2udc |
||
| 999 |
_c4262 _d4262 |
||